[Event "Catalunya-chT Gp2"]
[Site "Barcelona"]
[Date "2024.03.02"]
[Round "7.3"]
[White "Dominguez Pons, Eric"]
[Black "Martinez Pla, Xavier"]
[Result "1/2-1/2"]
[WhiteElo "2327"]
[BlackElo "2251"]
[PlyCount "30"]
[EventDate "2024.01.20"]
[EventType "team-tourn"]
[EventRounds "7"]
[EventCountry "ESP"]
[SourceTitle "CB11_2024"]
[SourceDate "2024.03.13"]
[SourceVersion "1"]
[SourceVersionDate "2024.03.13"]
[SourceQuality "1"]
[WhiteTeam "Sant Andreu"]
[BlackTeam "Vila Olimpica"]
[WhiteTeamCountry "ESP"]
[BlackTeamCountry "ESP"]

1. d4 Nf6 2. Nf3 e6 3. c4 b6 4. g3 Bb7 5. Bg2 Be7 6. 0-0 0-0 7. Re1 Ne4 8. Nfd2 d5 9. cxd5 exd5 10. Nxe4 dxe4 11. Nc3 f5 12. Bf4 Nc6 13. e3 Bd6 14. Bxd6 cxd6 15. b4 Qd7 1/2-1/2

[Event "Titled Tuesday intern op 11th Apr Early"]
[Site "Chess.com INT"]
[Date "2023.04.11"]
[Round "4"]
[White "Dominguez Pons, Eric"]
[Black "Karthikeyan, Murali"]
[Result "1-0"]
[WhiteElo "2335"]
[BlackElo "2627"]
[PlyCount "113"]
[EventDate "2023.04.11"]
[EventType "swiss (blitz)"]
[EventRounds "11"]
[EventCountry "USA"]
[SourceTitle "CBM 213 Extra"]
[Source "ChessBase"]
[SourceDate "2023.05.31"]
[SourceVersion "1"]
[SourceVersionDate "2023.05.31"]
[SourceQuality "1"]

1. d4 Nf6 2. Nf3 g6 3. Nbd2 d5 4. e3 Bg7 5. Bd3 0-0 6. 0-0 c5 7. c3 b6 8. e4 dxe4 9. Nxe4 Nbd7 10. dxc5 Nxc5 11. Nxc5 bxc5 12. Be3 Qc7 13. Qc2 Bb7 14. Nd2 Ng4 15. g3 Nxe3 16. fxe3 Rad8 17. Rad1 Bh6 18. Nc4 Rd7 19. Be4 Ba6 20. Qa4 Bxc4 21. Qxc4 Bxe3+ 22. Kg2 e6 23. h4 Kg7 24. h5 Rxd1 25. Rxd1 Qe5 26. hxg6 hxg6 27. Rd7 Bg5 28. Qd3 Kg8 29. Bxg6 Qf6 30. Bh7+ Kg7 31. Be4 a5 32. Qf3 Rb8 33. Qxf6+ Kxf6 34. b3 Ke5 35. Bc6 f5 36. Ra7 Bd8 37. Bd7 Bb6 38. Ra6 Kd6 39. Bb5 e5 40. Kf3 Ke6 41. a4 Kf6 42. b4 cxb4 43. cxb4 Kg5 44. bxa5 Bc7 45. Ra7 e4+ 46. Kf2 Be5 47. Rf7 Bd4+ 48. Ke2 Rh8 49. Bd7 Rh2+ 50. Kd1 e3 51. Rxf5+ Kg6 52. Rf3 e2+ 53. Ke1 Bc5 54. Rb3 Bd6 55. Bg4 Rg2 56. Bxe2 Rxg3 57. Rb6 1-0

[Event "Catalunya-chT Gp2"]
[Site "Barcelona"]
[Date "2020.01.25"]
[Round "2.3"]
[White "Dominguez Pons, Eric"]
[Black "Kirk, Ezra"]
[Result "0-1"]
[WhiteElo "2374"]
[BlackElo "2418"]
[PlyCount "86"]
[EventDate "2020.01.18"]
[EventType "team-tourn"]
[EventRounds "7"]
[EventCountry "ESP"]
[SourceTitle "CBM 194 Extra"]
[Source "ChessBase"]
[SourceDate "2020.03.31"]
[SourceVersion "1"]
[SourceVersionDate "2020.03.31"]
[SourceQuality "1"]
[WhiteTeam "Sant Andreu"]
[BlackTeam "Barcelona Escacs CC"]
[WhiteTeamCountry "ESP"]
[BlackTeamCountry "ESP"]

1. d4 Nf6 2. Bg5 d5 3. Nd2 Nbd7 4. Ngf3 g6 5. e3 Bg7 6. Bd3 c5 7. 0-0 h6 8. Bh4 g5 9. Bg3 Nh5 10. Be5 Nxe5 11. Nxe5 Nf6 12. Bb5+ Kf8 13. c3 Qb6 14. a4 c4 15. f4 a6 16. fxg5 hxg5 17. Bd7 Qxb2 18. Bxc8 Rxc8 19. Rc1 b5 20. Rc2 Qa3 21. Qb1 g4 22. Rfc1 Bh6 23. Nf1 g3 24. hxg3 Ne4 25. axb5 Qd6 26. Rf2 Bxe3 27. Nxe3 Qh6 28. Ng6+ Qxg6 29. Rf4 Qxg3 30. Rxe4 dxe4 31. Qxe4 Rh4 32. Qxe7+ Kxe7 33. Nf5+ Kf8 34. Nxg3 axb5 35. Nf5 Rh5 36. Nd6 Rc6 37. Ne4 Re6 38. Nf2 Re2 39. g4 Rh6 40. Rb1 Rf6 41. Nh1 Rf3 42. Rxb5 Rxc3 43. Nf2 Rc1+ 0-1

[Event "Barcelona Sant Andreu IM"]
[Site "Barcelona"]
[Date "2019.10.26"]
[Round "6"]
[White "Cruz, Jonathan"]
[Black "Dominguez Pons, Eric"]
[Result "0-1"]
[WhiteElo "2403"]
[BlackElo "2381"]
[PlyCount "92"]
[EventDate "2019.09.14"]
[EventType "tourn"]
[EventRounds "9"]
[EventCountry "ESP"]
[EventCategory "4"]
[SourceTitle "CBM 195 Extra"]
[Source "ChessBase"]
[SourceDate "2020.05.31"]
[SourceVersion "1"]
[SourceVersionDate "2020.05.31"]
[SourceQuality "1"]

1. Nf3 c5 2. e4 Nc6 3. g3 Nf6 4. d3 d5 5. Nbd2 dxe4 6. dxe4 g6 7. Bg2 Bg7 8. 0-0 0-0 9. Qe2 Qc7 10. Nc4 e5 11. c3 h6 12. Nh4 b6 13. Ne3 Ne7 14. Nd5 Nexd5 15. exd5 Bg4 16. f3 Bd7 17. f4 Rae8 18. Qa6 e4 19. Re1 Qd6 20. Qc4 b5 21. Qf1 Qxd5 22. Be3 Qc6 23. b4 cxb4 24. cxb4 Nd5 25. Rac1 Bc3 26. Bc5 Bxe1 27. Rxe1 f5 28. Bxf8 Rxf8 29. g4 Nxb4 30. gxf5 gxf5 31. Kh1 Qf6 32. Qf2 Nd3 33. Qg3+ Kf7 34. Rf1 Rg8 35. Qh3 Rg4 36. Nf3 Nxf4 37. Ne5+ Qxe5 38. Qxh6 Nxg2 39. Rd1 Be6 40. Qh7+ Qg7 41. Qh5+ Qg6 42. Qh8 Ne3 43. Rc1 Nc4 44. Qb8 e3 45. Qb7+ Kg8 46. Rd1 Qe8 0-1

[Event "Barcelona Sant Andreu IM"]
[Site "Barcelona"]
[Date "2019.09.14"]
[Round "1"]
[White "Dominguez Pons, Eric"]
[Black "Fernandez Diaz, Cristian"]
[Result "1-0"]
[WhiteElo "2381"]
[BlackElo "2376"]
[PlyCount "79"]
[EventDate "2019.09.14"]
[EventType "tourn"]
[EventRounds "9"]
[EventCountry "ESP"]
[EventCategory "4"]
[SourceTitle "CBM 195 Extra"]
[Source "ChessBase"]
[SourceDate "2020.05.31"]
[SourceVersion "1"]
[SourceVersionDate "2020.05.31"]
[SourceQuality "1"]

1. e4 e5 2. Nf3 Nc6 3. d4 exd4 4. Nxd4 Bc5 5. Nb3 Bb6 6. Qe2 a5 7. Nc3 a4 8. Nd2 Nf6 9. Nc4 Ba5 10. Nxa5 Rxa5 11. g3 0-0 12. Bg2 b6 13. Bf4 Re8 14. 0-0-0 d6 15. Rhe1 Bg4 16. f3 Bd7 17. Qd2 Ne5 18. h4 Rc5 19. g4 Bc6 20. Bg5 Ned7 21. Be3 Ra5 22. g5 Nh5 23. f4 g6 24. Bf3 Ng7 25. h5 Nc5 26. Bd4 Nxh5 27. Bxh5 gxh5 28. Qh2 Nxe4 29. Qxh5 Re6 30. Qh3 Bd7 31. Nxe4 Rxe4 32. Qh6 Rxd4 33. Rxd4 Bf5 34. Rd2 d5 35. Re5 Be6 36. Rh2 Qd6 37. Qxh7+ Kf8 38. Qh8+ Ke7 39. Qf6+ Kd7 40. f5 1-0

[Event "Barcelona Sants op 21st"]
[Site "Barcelona"]
[Date "2019.08.31"]
[Round "9"]
[White "Chernyak, Viktoria"]
[Black "Dominguez Pons, Eric"]
[Result "1-0"]
[WhiteElo "2238"]
[BlackElo "2390"]
[PlyCount "53"]
[EventDate "2019.08.23"]
[EventType "swiss"]
[EventRounds "10"]
[EventCountry "ESP"]
[SourceTitle "EXT 2020"]
[Source "ChessBase"]
[SourceDate "2019.10.17"]
[SourceVersion "1"]
[SourceVersionDate "2019.10.17"]
[SourceQuality "1"]

1. c4 Nf6 2. Nf3 c5 3. Nc3 d5 4. cxd5 Nxd5 5. g3 Nc6 6. Bg2 Nc7 7. d3 e5 8. Be3 Be7 9. 0-0 0-0 10. Rc1 b6 11. Nd2 Bb7 12. Nc4 Qc8 13. a4 f6 14. Bd2 Nd4 15. Ne4 Rd8 16. Be3 f5 17. Ned2 Bxg2 18. Kxg2 Qe6 19. Bxd4 exd4 20. Nf3 Bf6 21. Re1 Nd5 22. Qb3 Kh8 23. Kg1 g5 24. e3 dxe3 25. Nxe3 f4 26. Nxd5 Qxd5 27. Re8+ 1-0

[Event "Catalunya-chT GpA final"]
[Site "Barcelona"]
[Date "2018.03.10"]
[Round "1.3"]
[White "Aroshidze, Levan"]
[Black "Dominguez Pons, Eric"]
[Result "1/2-1/2"]
[WhiteElo "2503"]
[BlackElo "2387"]
[PlyCount "85"]
[EventDate "2018.03.10"]
[EventType "team-tourn"]
[EventRounds "4"]
[EventCountry "ESP"]
[SourceTitle "CBM 183 Extra"]
[Source "ChessBase"]
[SourceDate "2018.04.19"]
[SourceVersion "1"]
[SourceVersionDate "2018.04.19"]
[SourceQuality "1"]
[WhiteTeam "Barcelona Escola Escacs"]
[BlackTeam "Sant Andreu"]
[WhiteTeamCountry "ESP"]
[BlackTeamCountry "ESP"]

1. e4 c5 2. Nf3 d6 3. d4 cxd4 4. Nxd4 Nf6 5. Nc3 a6 6. f3 e5 7. Nb3 Be6 8. Be3 Nbd7 9. Qd2 Be7 10. g4 0-0 11. 0-0-0 b5 12. g5 Nh5 13. Kb1 Nb6 14. Na5 Qc7 15. Rg1 Rac8 16. Nd5 Bxd5 17. exd5 Nxd5 18. Qxd5 Qxa5 19. c4 Rb8 20. Rg4 Rfc8 21. cxb5 axb5 22. a4 Nf4 23. Bxf4 Qxa4 24. Rc1 exf4 25. Rxc8+ Rxc8 26. Bxb5 Qc2+ 27. Ka2 Qc5 28. Qxc5 Rxc5 29. Bd3 Ra5+ 30. Kb3 Bxg5 31. Rg2 Bf6 32. Re2 g5 33. Kb4 Ra2 34. b3 Rxe2 35. Bxe2 Bd4 36. Kc4 Bg1 37. h3 Kg7 38. b4 f5 39. Kd5 Kf6 40. Kxd6 h5 41. Kd5 Be3 42. b5 Ba7 43. Bd1 1/2-1/2

[Event "Catalunya-chT Gp2"]
[Site "Barcelona"]
[Date "2018.02.03"]
[Round "3.3"]
[White "Krysa, Leandro Sergio"]
[Black "Dominguez Pons, Eric"]
[Result "0-1"]
[WhiteElo "2548"]
[BlackElo "2387"]
[PlyCount "124"]
[EventDate "2018.01.20"]
[EventType "team-tourn"]
[EventRounds "7"]
[EventCountry "ESP"]
[SourceTitle "CBM 182 Extra"]
[Source "ChessBase"]
[SourceDate "2018.02.23"]
[SourceVersion "1"]
[SourceVersionDate "2018.02.23"]
[SourceQuality "1"]
[WhiteTeam "Mollet"]
[BlackTeam "Sant Andreu"]
[WhiteTeamCountry "ESP"]
[BlackTeamCountry "ESP"]

1. Nf3 c5 2. c4 Nc6 3. d4 cxd4 4. Nxd4 g6 5. e4 Bg7 6. Be3 Nf6 7. Nc3 d6 8. Be2 0-0 9. 0-0 Bd7 10. Nc2 Rc8 11. f3 Ne8 12. Qd2 Qa5 13. b4 Qd8 14. Rac1 b6 15. f4 f5 16. exf5 Bxf5 17. a3 Nf6 18. h3 Ne4 19. Nxe4 Bxe4 20. Bg4 Bf5 21. Bf3 Qd7 22. Rfd1 Rfd8 23. Qe2 Qe8 24. Kh1 Bb2 25. Rb1 Bf6 26. Rb3 Kh8 27. Nd4 Nxd4 28. Bxd4 Qf7 29. Bxf6+ Qxf6 30. Re3 Rc7 31. Re1 Re8 32. Bd5 Bc8 33. b5 e6 34. Bc6 Ree7 35. Qd3 Qxf4 36. Rf3 Qh4 37. Re4 Qg5 38. h4 Qc5 39. Qd1 Qh5 40. Ref4 Qe5 41. Qf1 Kg7 42. Rf8 Bb7 43. Bxb7 Rxb7 44. R3f4 d5 45. cxd5 exd5 46. Qf3 Rbd7 47. a4 d4 48. Qb3 Qd5 49. Qd3 Re3 50. Qd2 Rh3+ 51. Kg1 Rxh4 52. Rxh4 Kxf8 53. Qb4+ Qc5 54. Rf4+ Kg7 55. Qb2 Qe5 56. Rf3 Qe1+ 57. Rf1 Qe3+ 58. Kh2 Rd5 59. Rf3 Rh5+ 60. Kg3 Qe1+ 61. Qf2 Qe5+ 62. Rf4 g5 0-1

[Event "Sabadell op-A 9th"]
[Site "Sabadell"]
[Date "2016.09.08"]
[Round "8"]
[White "Ivanov, Mike"]
[Black "Dominguez Pons, Eric"]
[Result "0-1"]
[WhiteElo "2285"]
[BlackElo "2391"]
[PlyCount "80"]
[EventDate "2016.09.01"]
[EventType "swiss"]
[EventRounds "9"]
[EventCountry "ESP"]
[SourceTitle "CBM 174 Extra"]
[Source "ChessBase"]
[SourceDate "2016.10.10"]
[SourceVersion "1"]
[SourceVersionDate "2016.10.10"]
[SourceQuality "1"]

1. e4 c5 2. Nf3 d6 3. Bb5+ Bd7 4. Bxd7+ Qxd7 5. 0-0 Nc6 6. c3 Nf6 7. d4 Nxe4 8. d5 Ne5 9. Re1 Nxf3+ 10. Qxf3 Nf6 11. Na3 e5 12. dxe6 fxe6 13. Bg5 Be7 14. Rad1 h6 15. Bxf6 0-0 16. Qe3 Rxf6 17. Qxc5 d5 18. Qb5 Qc6 19. Qxc6 bxc6 20. Nc2 Bc5 21. Nd4 Bxd4 22. Rxd4 Rb8 23. b3 Kf7 24. Ra4 Rb7 25. f4 Ke7 26. h4 Kd6 27. h5 g6 28. Re5 Rbf7 29. hxg6 Rxg6 30. Rh5 Rfg7 31. Rh2 Rg3 32. Kf2 Rxc3 33. Rxh6 Rc2+ 34. Kf3 Rgxg2 35. Rxa7 Rcf2+ 36. Ke3 Rf1 37. b4 Rg3+ 38. Ke2 Rb1 39. Rf7 Rb2+ 40. Kf1 Rc3 0-1

[Event "Sabadell op-A 9th"]
[Site "Sabadell"]
[Date "2016.09.04"]
[Round "4"]
[White "Ayats Llobera, Gerard"]
[Black "Dominguez Pons, Eric"]
[Result "1/2-1/2"]
[WhiteElo "2263"]
[BlackElo "2391"]
[PlyCount "133"]
[EventDate "2016.09.01"]
[EventType "swiss"]
[EventRounds "9"]
[EventCountry "ESP"]
[SourceTitle "CBM 174 Extra"]
[Source "ChessBase"]
[SourceDate "2016.10.10"]
[SourceVersion "1"]
[SourceVersionDate "2016.10.10"]
[SourceQuality "1"]

1. e4 c6 2. d4 d5 3. Nc3 dxe4 4. Nxe4 Nf6 5. Nxf6+ exf6 6. c3 Bf5 7. Ne2 Bd6 8. Ng3 Bg6 9. f4 Nd7 10. Qf3 Qe7+ 11. Be2 h5 12. f5 h4 13. Ne4 Bh5 14. Nxd6+ Qxd6 15. Qe4+ Qe7 16. Qxe7+ Kxe7 17. Bd3 h3 18. gxh3 g6 19. Kf2 Rag8 20. Rg1 gxf5 21. Rxg8 Rxg8 22. Bxf5 Bg6 23. Bg4 Be4 24. Bf4 f5 25. Re1 fxg4 26. Rxe4+ Kf6 27. Be5+ Nxe5 28. dxe5+ Kf5 29. Rxg4 Rh8 30. Rg7 Ke6 31. Kg2 Rh5 32. Rg8 Kxe5 33. Rb8 b5 34. Rb7 Rg5+ 35. Kf3 Rf5+ 36. Kg3 Rg5+ 37. Kh4 f6 38. Rxa7 Rg2 39. b3 f5 40. a4 bxa4 41. bxa4 f4 42. a5 f3 43. a6 Rg8 44. Kh5 Ke4 45. Rf7 Ke3 46. h4 f2 47. Kh6 Ke2 48. h5 f1Q 49. Rxf1 Kxf1 50. h4 Ra8 51. Kg6 Rxa6 52. h6 c5+ 53. Kg5 Ra7 54. Kg6 Ra6+ 55. Kg7 Kg2 56. h7 Ra7+ 57. Kg6 Ra8 58. Kg7 Kg3 59. h8Q Rxh8 60. Kxh8 Kxh4 61. Kg7 Kg5 62. Kf7 Kf5 63. Ke7 Ke5 64. Kd7 Kd5 65. Kc7 Kc4 66. Kd6 Kxc3 67. Kxc5 1/2-1/2

[Event "Catalunya-chT Gp1 final"]
[Site "Barcelona"]
[Date "2016.04.16"]
[Round "4.3"]
[White "Garrido Fernandez, Daniel"]
[Black "Dominguez Pons, Eric"]
[Result "1/2-1/2"]
[WhiteElo "2183"]
[BlackElo "2363"]
[PlyCount "122"]
[EventDate "2016.03.12"]
[EventType "team-tourn"]
[EventRounds "4"]
[EventCountry "ESP"]
[SourceTitle "EXT 2017"]
[Source "ChessBase"]
[SourceDate "2016.10.25"]
[SourceVersion "1"]
[SourceVersionDate "2016.10.25"]
[SourceQuality "1"]
[WhiteTeam "Foment Martinenc"]
[BlackTeam "Sant Andreu"]
[WhiteTeamCountry "ESP"]
[BlackTeamCountry "ESP"]

1. e4 c6 2. d4 d5 3. exd5 cxd5 4. Bd3 Nc6 5. c3 Qc7 6. Ne2 e6 7. Nd2 Bd6 8. Nf3 Nge7 9. Qc2 Bd7 10. 0-0 a6 11. Re1 Rc8 12. a3 Na5 13. Bg5 Bb5 14. Bxb5+ axb5 15. Bxe7 Bxe7 16. Nc1 0-0 17. Nd3 Bd6 18. Re2 h6 19. Rae1 Nc4 20. g3 Qa5 21. Nfe5 Nxe5 22. Nxe5 Bxe5 23. Rxe5 b4 24. axb4 Qxb4 25. Qd2 Qb3 26. f4 b5 27. f5 exf5 28. Rxf5 b4 29. Rf3 bxc3 30. bxc3 Rc7 31. Rc1 Ra8 32. Qf4 Qb7 33. Re1 Rac8 34. Qf5 g6 35. Qf6 Rc6 36. Qe7 Qxe7 37. Rxe7 f5 38. Rd7 Rxc3 39. Rxc3 Rxc3 40. Rxd5 Kg7 41. Rd6 h5 42. Kg2 Rc2+ 43. Kg1 h4 44. gxh4 Kh6 45. d5 Kh5 46. Rf6 Rd2 47. d6 Rd4 48. Kg2 Rxh4 49. Kg3 Rd4 50. Re6 Kh6 51. h4 Kh5 52. Re8 f4+ 53. Kf3 Kxh4 54. Re4 Rxd6 55. Rxf4+ Kh5 56. Kg3 Rd3+ 57. Kg2 g5 58. Ra4 g4 59. Ra8 Rd2+ 60. Kg3 Rd3+ 61. Kg2 Rd2+ 1/2-1/2

[Event "Catalunya-chT Gp1 final"]
[Site "Barcelona"]
[Date "2016.04.09"]
[Round "3.4"]
[White "Dominguez Pons, Eric"]
[Black "Serra Pages, Jordi"]
[Result "1-0"]
[WhiteElo "2363"]
[BlackElo "2260"]
[PlyCount "55"]
[EventDate "2016.03.12"]
[EventType "team-tourn"]
[EventRounds "4"]
[EventCountry "ESP"]
[SourceTitle "EXT 2017"]
[Source "ChessBase"]
[SourceDate "2016.10.25"]
[SourceVersion "1"]
[SourceVersionDate "2016.10.25"]
[SourceQuality "1"]
[WhiteTeam "Sant Andreu"]
[BlackTeam "Figueres"]
[WhiteTeamCountry "ESP"]
[BlackTeamCountry "ESP"]

1. d4 Nf6 2. Bg5 e6 3. e4 h6 4. Bxf6 Qxf6 5. c3 d5 6. Nd2 dxe4 7. Nxe4 Qd8 8. Nf3 Be7 9. Bd3 Nd7 10. Qe2 c6 11. 0-0 Qc7 12. Rad1 0-0 13. Rfe1 b6 14. Ng3 Bb7 15. Bb1 Rfe8 16. Qd3 Nf6 17. Ne5 Bd6 18. Ng4 Bxg3 19. Nxf6+ gxf6 20. Qh7+ Kf8 21. hxg3 Ke7 22. Bg6 Rf8 23. Qg7 Rae8 24. Bh5 Kd8 25. Qxf6+ Qe7 26. Qf4 Kc8 27. Re5 Rd8 28. Rde1 1-0